Textured targets of deuterides TiD2, ZrD2, NbD, and CrD2 in experiments to study the pd and dd reaction mechanisms at astrophysical energies; Physics of Particles and Nuclei Letters; Vol. 13, iss. 1

Bibliografische gegevens
Parent link:Physics of Particles and Nuclei Letters: Scientific Journal
Vol. 13, iss. 1.— 2016.— [P. 98-103]
Coauteur: Национальный исследовательский Томский политехнический университет (ТПУ) Физико-технический институт (ФТИ) Лаборатория № 33 ядерного реактора
Andere auteurs: Bystritsky V. M. Vyacheslav Mikhaylovich, Dudkin G. N. Gennadiy Nikolaevich, Filipovich M. Marius, Tuleushev Yu. Zh. Yury Zhianshakhovich, Zhakanbaev E. A.
Samenvatting:Title screen
Various methods for depositing thin layers of deuterides (hydrides) TiD2 (TiH2), ZrD2 (ZrH2), NbD (NbH), and CrD2 (CrH2) on stainless steel, copper, and silicon substrates are described. The method for magnetron sputtering of nanolayers of these deuterides (hydrides) with various textures is considered. A technology for producing titanium, zirconium, niobium, and chromium deuteride (hydride) targets is proposed, which will allow the hypothesis of dd and pd reaction enhancement through the channeling of deuterons (protons) in crystals of these deuterides to be unambiguously tested.
Режим доступа: по договору с организацией-держателем ресурса
Taal:Engels
Gepubliceerd in: 2016
Reeks:Physics Of Elementary Particles And Atomic Nuclei. Experiment
Onderwerpen:
Online toegang:http://dx.doi.org/10.1134/S1547477116010076
Formaat: Elektronisch Hoofdstuk
KOHA link:https://koha.lib.tpu.ru/cgi-bin/koha/opac-detail.pl?biblionumber=646385

MARC

LEADER 00000nla0a2200000 4500
001 646385
005 20250403113354.0
035 |a (RuTPU)RU\TPU\network\11521 
090 |a 646385 
100 |a 20160226d2016 k||y0rusy50 ba 
101 0 |a eng 
102 |a US 
135 |a drnn ---uucaa 
181 0 |a i  
182 0 |a b 
200 1 |a Textured targets of deuterides TiD2, ZrD2, NbD, and CrD2 in experiments to study the pd and dd reaction mechanisms at astrophysical energies  |f V. M. Bystritsky [et al.] 
203 |a Text  |c electronic 
225 1 |a Physics Of Elementary Particles And Atomic Nuclei. Experiment 
300 |a Title screen 
320 |a [References: 18 tit.] 
330 |a Various methods for depositing thin layers of deuterides (hydrides) TiD2 (TiH2), ZrD2 (ZrH2), NbD (NbH), and CrD2 (CrH2) on stainless steel, copper, and silicon substrates are described. The method for magnetron sputtering of nanolayers of these deuterides (hydrides) with various textures is considered. A technology for producing titanium, zirconium, niobium, and chromium deuteride (hydride) targets is proposed, which will allow the hypothesis of dd and pd reaction enhancement through the channeling of deuterons (protons) in crystals of these deuterides to be unambiguously tested. 
333 |a Режим доступа: по договору с организацией-держателем ресурса 
461 |t Physics of Particles and Nuclei Letters  |o Scientific Journal 
463 |t Vol. 13, iss. 1  |v [P. 98-103]  |d 2016 
610 1 |a электронный ресурс 
610 1 |a труды учёных ТПУ 
701 1 |a Bystritsky  |b V. M.  |g Vyacheslav Mikhaylovich 
701 1 |a Dudkin  |b G. N.  |c specialist in the field of nuclear physics  |c Senior researcher of Tomsk Polytechnic University, Candidate of physical and mathematical sciences  |f 1944-  |g Gennadiy Nikolaevich  |3 (RuTPU)RU\TPU\pers\34190  |9 17724 
701 1 |a Filipovich  |b M.  |g Marius 
701 1 |a Tuleushev  |b Yu. Zh.  |g Yury Zhianshakhovich 
701 1 |a Zhakanbaev  |b E. A. 
712 0 2 |a Национальный исследовательский Томский политехнический университет (ТПУ)  |b Физико-технический институт (ФТИ)  |b Лаборатория № 33 ядерного реактора  |3 (RuTPU)RU\TPU\col\19896 
801 2 |a RU  |b 63413507  |c 20160330  |g RCR 
856 4 |u http://dx.doi.org/10.1134/S1547477116010076 
942 |c CF